[Event "FICGS class A 000136 email"]
[Site "FICGS email"]
[Date "2013.03.13"]
[Round "1"]
[White "Ba, Attila"]
[Black "Broniek, Mariusz Maciej"]
[Result "0-1"]
[WhiteElo "2026"]
[BlackElo "1846"]
[PlyCount "90"]
[EventDate "2013.??.??"]
[EventType "tourn (corr)"]
[EventRounds "6"]
[SourceTitle "Corr 2022"]
[Source "ChessBase"]
[SourceDate "2021.10.24"]
[SourceVersion "1"]
[SourceVersionDate "2021.10.24"]
[SourceQuality "1"]

1. d4 d5 2. Bf4 c5 3. Nc3 Nc6 4. e4 cxd4 5. exd5 dxc3 6. dxc6 Qxd1+ 7. Rxd1 bxc6 8. bxc3 Nf6 9. Bc4 e6 10. Nf3 Nd5 11. Bd2 f6 12. 0-0 e5 13. Rfe1 Be7 14. Bb3 a5 15. Ba4 Bd7 16. Rb1 Kf7 17. Rb7 Bc8 18. Rb3 Ra6 19. c4 Nc7 20. Rbb1 Ne6 21. c3 Rd8 22. Be3 Bc5 23. Red1 Ke7 24. Bc1 Rb6 25. Rxb6 Rxd1+ 26. Bxd1 Bxb6 27. g3 g6 28. Nd2 Nc5 29. Kf1 Bc7 30. Ba3 Bd6 31. Bxc5 Bxc5 32. Nb3 Bb6 33. c5 Bc7 34. a4 f5 35. Nd2 g5 36. Ke2 g4 37. Ke3 h5 38. Be2 Ke6 39. Bc4+ Kf6 40. f3 gxf3 41. Nxf3 Bd7 42. Ba6 e4 43. Nd4 Ke5 44. Bc4 h4 45. Kf2 Kf6 0-1

[Event "FICGS rapid A 000137 email"]
[Site "FICGS email"]
[Date "2013.02.13"]
[Round "1"]
[White "Ba, Attila"]
[Black "Wilson, Norman"]
[Result "1/2-1/2"]
[WhiteElo "2034"]
[BlackElo "2078"]
[PlyCount "79"]
[EventDate "2013.??.??"]
[EventType "tourn (rapid)"]
[EventRounds "6"]
[SourceTitle "Corr 2022"]
[Source "ChessBase"]
[SourceDate "2021.10.24"]
[SourceVersion "1"]
[SourceVersionDate "2021.10.24"]
[SourceQuality "1"]

1. d4 Nf6 2. c4 e6 3. Nf3 b6 4. a3 Bb7 5. Nc3 d5 6. cxd5 Nxd5 7. Qc2 Nxc3 8. bxc3 Be7 9. e4 0-0 10. Bd3 c5 11. 0-0 Qc8 12. Qe2 Ba6 13. Rd1 Bxd3 14. Rxd3 Nd7 15. e5 Re8 16. Bg5 Nf8 17. g3 Qa6 18. Bxe7 Rxe7 19. Ng5 Rd8 20. Ne4 cxd4 21. Qd1 Rc7 22. cxd4 Ng6 23. Nd6 Ne7 24. Rd2 Nd5 25. h4 h6 26. a4 Qa5 27. Rc2 Rxc2 28. Qxc2 Qc3 29. Qxc3 Nxc3 30. Kg2 a6 31. Ra3 Nd5 32. Rb3 h5 33. Rb1 Kf8 34. Kf3 Ke7 35. Rc1 f6 36. Ke4 Rh8 37. Rc6 Kd7 38. Rc1 Rf8 39. f4 g6 40. Rc4 1/2-1/2

[Event "FICGS class A 000133 email"]
[Site "FICGS email"]
[Date "2013.01.07"]
[Round "1"]
[White "Ba, Attila"]
[Black "Domingo Gadea, Jordi"]
[Result "1/2-1/2"]
[WhiteElo "2034"]
[BlackElo "2017"]
[PlyCount "80"]
[EventDate "2013.??.??"]
[EventType "tourn (corr)"]
[EventRounds "6"]
[SourceTitle "Corr 2022"]
[Source "ChessBase"]
[SourceDate "2021.10.24"]
[SourceVersion "1"]
[SourceVersionDate "2021.10.24"]
[SourceQuality "1"]

1. d4 b5 2. e4 a6 3. Nf3 Bb7 4. Bd3 e6 5. 0-0 c5 6. c3 Nf6 7. Qe2 Nc6 8. e5 Nd5 9. Be4 cxd4 10. cxd4 Na5 11. Bd2 b4 12. Bg5 Be7 13. Bxe7 Qxe7 14. Nbd2 0-0 15. Rac1 f5 16. exf6 Nxf6 17. Bxb7 Nxb7 18. Ne4 Nd5 19. g3 Nd6 20. Nc5 a5 21. Ne5 Ra7 22. Rfe1 Nf5 23. Qb5 Nxd4 24. Qc4 Nf5 25. Nexd7 Rc8 26. Qb5 Rac7 27. Rxe6 Nd4 28. Rxe7 Nxb5 29. Ree1 a4 30. Nd3 a3 31. Rxc7 Rxc7 32. N7c5 axb2 33. Rb1 Nbc3 34. Rxb2 Ra7 35. Nxb4 Nxb4 36. Rxb4 Rxa2 37. Rb7 Re2 38. Kf1 Re5 39. Nd3 Rb5 40. Rc7 Nd5 1/2-1/2

[Event "FICGS class C 000182 email"]
[Site "FICGS email"]
[Date "2012.11.14"]
[Round "1"]
[White "Ba, Attila"]
[Black "Jabot, Daniel"]
[Result "1/2-1/2"]
[WhiteElo "1985"]
[BlackElo "1906"]
[PlyCount "56"]
[EventDate "2012.??.??"]
[EventType "tourn (corr)"]
[EventRounds "1"]
[SourceTitle "Corr 2022"]
[Source "ChessBase"]
[SourceDate "2021.10.24"]
[SourceVersion "1"]
[SourceVersionDate "2021.10.24"]
[SourceQuality "1"]

1. e4 c5 2. Nf3 d6 3. d4 cxd4 4. Nxd4 Nf6 5. Nc3 a6 6. Be2 e6 7. 0-0 Be7 8. f4 0-0 9. Be3 Qc7 10. a4 b6 11. Bf3 Bb7 12. Qe2 Nc6 13. Nxc6 Bxc6 14. Bd4 e5 15. Be3 Rfe8 16. Qd3 Bb7 17. f5 Rac8 18. Rfe1 d5 19. exd5 e4 20. Nxe4 Nxd5 21. c3 Nxe3 22. Rxe3 Rcd8 23. Qe2 Bc5 24. Nxc5 Qxc5 25. Re1 Bxf3 26. Qxf3 Rd3 27. Kf2 Rexe3 28. Rxe3 Rxe3 1/2-1/2

[Event "FICGS class C 000182 email"]
[Site "FICGS email"]
[Date "2012.11.14"]
[Round "1"]
[White "Gorbatov, Valentin"]
[Black "Ba, Attila"]
[Result "1/2-1/2"]
[WhiteElo "1988"]
[BlackElo "1985"]
[PlyCount "105"]
[EventDate "2012.??.??"]
[EventType "tourn (corr)"]
[EventRounds "1"]
[SourceTitle "Corr 2022"]
[Source "ChessBase"]
[SourceDate "2021.10.24"]
[SourceVersion "1"]
[SourceVersionDate "2021.10.24"]
[SourceQuality "1"]

1. e4 c5 2. Nf3 d6 3. Bc4 Nf6 4. Nc3 e6 5. d4 cxd4 6. Nxd4 a6 7. 0-0 Be7 8. Bd3 Nbd7 9. Be3 Qc7 10. a4 b6 11. f4 Bb7 12. Qf3 0-0 13. f5 e5 14. Nb3 Bc6 15. Nd2 Rfc8 16. g4 h6 17. h4 Nh7 18. Qg3 Qd8 19. Nf3 Nc5 20. g5 Kh8 21. gxh6 gxh6 22. Bxh6 Qg8 23. Qxg8+ Rxg8+ 24. Kf2 Rg4 25. Rg1 Nf6 26. Ng5 Nxd3+ 27. cxd3 Kg8 28. Nf3 Kh7 29. Bd2 Rxg1 30. Rxg1 b5 31. Ng5+ Kg8 32. Ne6+ Kh8 33. Nc7 Ra7 34. Nxa6 Rxa6 35. axb5 Bxb5 36. Nxb5 Rb6 37. Nc3 Rxb2 38. Rd1 Kh7 39. Ke2 d5 40. Nxd5 Nxd5 41. exd5 Rb5 42. Bg5 Bxg5 43. hxg5 Rxd5 44. Rc1 Rd7 45. Ke3 Kg7 46. Rc6 Rb7 47. Ke4 Rd7 48. Rc3 f6 49. gxf6+ Kxf6 50. Rc6+ Kf7 51. Rb6 Rd4+ 52. Kxe5 Rxd3 53. Rb7+ 1/2-1/2

[Event "FICGS class C 000179 email"]
[Site "FICGS email"]
[Date "2012.09.24"]
[Round "1"]
[White "Ba, Attila"]
[Black "Hrubaru, Mircea"]
[Result "1-0"]
[WhiteElo "1955"]
[BlackElo "1832"]
[PlyCount "63"]
[EventDate "2012.??.??"]
[EventType "tourn (corr)"]
[EventRounds "1"]
[SourceTitle "Corr 2022"]
[Source "ChessBase"]
[SourceDate "2021.10.24"]
[SourceVersion "1"]
[SourceVersionDate "2021.10.24"]
[SourceQuality "1"]

1. Nf3 Nf6 2. g3 b5 3. Bg2 Bb7 4. 0-0 e6 5. a4 b4 6. c3 c5 7. a5 Be7 8. d3 0-0 9. Nbd2 Na6 10. e4 bxc3 11. bxc3 d5 12. Qc2 Rb8 13. Re1 Qc7 14. Nf1 dxe4 15. Bf4 Bd6 16. Bxd6 Qxd6 17. dxe4 Rfd8 18. e5 Qd3 19. Qxd3 Rxd3 20. exf6 Bxf3 21. Bxf3 Rxf3 22. Ne3 Rb2 23. Red1 gxf6 24. Rd8+ Kg7 25. Nd1 Rb7 26. Kg2 Rf5 27. Ne3 Re5 28. Rad1 c4 29. Nxc4 Rc5 30. Nd6 Re7 31. Ne8+ Kg6 32. R1d7 1-0

[Event "FICGS class C 000179 email"]
[Site "FICGS email"]
[Date "2012.09.24"]
[Round "1"]
[White "Domingo Gadea, Jordi"]
[Black "Ba, Attila"]
[Result "0-1"]
[WhiteElo "1980"]
[BlackElo "1955"]
[PlyCount "120"]
[EventDate "2012.??.??"]
[EventType "tourn (corr)"]
[EventRounds "1"]
[SourceTitle "Corr 2022"]
[Source "ChessBase"]
[SourceDate "2021.10.24"]
[SourceVersion "1"]
[SourceVersionDate "2021.10.24"]
[SourceQuality "1"]

1. g4 d5 2. h3 e5 3. Bg2 h5 4. g5 Qxg5 5. Bxd5 Nf6 6. d3 Qg6 7. Bf3 e4 8. dxe4 Nxe4 9. Nd2 Nc5 10. b4 Ne6 11. a3 a5 12. Bb2 axb4 13. axb4 Rxa1 14. Qxa1 Na6 15. c3 Be7 16. e3 0-0 17. Qb1 Qh6 18. h4 Rd8 19. Ne2 b6 20. Be4 Bd7 21. Ng3 g6 22. Qa2 Bc8 23. Nf3 Bf6 24. Qb3 Qf8 25. 0-0 Qe7 26. Ra1 Bg7 27. Kg2 b5 28. Bc6 Nb8 29. Bxb5 Bb7 30. Bc4 Qf6 31. e4 Nf4+ 32. Kg1 Nh3+ 33. Kg2 Nc6 34. Rf1 Nf4+ 35. Kg1 Nd3 36. Bxd3 Rxd3 37. Ne1 Nd4 38. Qc4 Ba6 39. e5 Qb6 40. Qc5 Rd2 41. Bc1 Rd1 42. cxd4 Qxc5 43. bxc5 Rxc1 44. Nf3 Bxf1 45. Nxf1 f6 46. exf6 Bxf6 47. Kg2 Rc4 48. Ne3 Ra4 49. Nc2 Kf7 50. Kg3 Ke6 51. Kf4 Ra2 52. d5+ Ke7 53. Ncd4 Rxf2 54. Ke3 Bxd4+ 55. Nxd4 Rh2 56. Nf3 Rh1 57. Ke4 Kf6 58. Kf4 Rf1 59. Ke4 Ra1 60. c6 Ra4+ 0-1

[Event "FICGS class A 000126 email"]
[Site "FICGS email"]
[Date "2012.09.12"]
[Round "1"]
[White "Ba, Attila"]
[Black "Duenas, Alexis"]
[Result "1-0"]
[WhiteElo "1955"]
[BlackElo "2042"]
[PlyCount "59"]
[EventDate "2012.??.??"]
[EventType "tourn (corr)"]
[EventRounds "6"]
[SourceTitle "Corr 2022"]
[Source "ChessBase"]
[SourceDate "2021.10.24"]
[SourceVersion "1"]
[SourceVersionDate "2021.10.24"]
[SourceQuality "1"]

1. Nf3 d5 2. b3 Nf6 3. e3 e6 4. c4 Be7 5. Be2 0-0 6. 0-0 c5 7. cxd5 exd5 8. d4 Nc6 9. Bb2 Be6 10. Nc3 Rc8 11. Rc1 Ne4 12. dxc5 Nxc5 13. Nb5 Ne4 14. Bd3 Bg4 15. h3 Bh5 16. Be2 Bf6 17. Bxf6 Nxf6 18. Nfd4 Bxe2 19. Qxe2 Qd7 20. Rfd1 Rfe8 21. Rc2 a6 22. Nxc6 Rxc6 23. Rxc6 Qxc6 24. Nd4 Qd7 25. Qd3 g6 26. Ne2 Rd8 27. Nc3 Qe6 28. e4 d4 29. Nd5 Nxd5 30. Qxd4 1-0

[Event "FICGS class A 000126 email"]
[Site "FICGS email"]
[Date "2012.09.12"]
[Round "1"]
[White "Novikov, Evgeny"]
[Black "Ba, Attila"]
[Result "1/2-1/2"]
[WhiteElo "2200"]
[BlackElo "1955"]
[PlyCount "71"]
[EventDate "2012.??.??"]
[EventType "tourn (corr)"]
[EventRounds "6"]
[SourceTitle "Corr 2022"]
[Source "ChessBase"]
[SourceDate "2021.10.24"]
[SourceVersion "1"]
[SourceVersionDate "2021.10.24"]
[SourceQuality "1"]

1. d4 Nf6 2. Nf3 g6 3. c4 Bg7 4. e3 d6 5. Nc3 0-0 6. Be2 Bf5 7. 0-0 Ne4 8. Nxe4 Bxe4 9. Ng5 Bc6 10. f4 e5 11. dxe5 dxe5 12. Qxd8 Rxd8 13. fxe5 Re8 14. Nxf7 Nd7 15. Bd2 Nxe5 16. Nxe5 Bxe5 17. Bc1 Rad8 18. Bf3 Re6 19. Rb1 Rd3 20. Bg4 Re8 21. Bf3 Re6 22. b3 Bxf3 23. gxf3 Kf7 24. Kg2 g5 25. e4 h6 26. f4 gxf4 27. Bxf4 Ke7 28. Bxe5 Rxe5 29. Rbd1 Re3 30. Rd2 R3xe4 31. Rfd1 Kf6 32. Rd7 Re2+ 33. Kf3 R5e3+ 34. Kf4 Re7 35. R1d2 R2e4+ 36. Kf3 1/2-1/2

[Event "FICGS class A 000125 email"]
[Site "FICGS email"]
[Date "2012.08.29"]
[Round "1"]
[White "Ba, Attila"]
[Black "Duenas, Alexis"]
[Result "1/2-1/2"]
[WhiteElo "2000"]
[BlackElo "2026"]
[PlyCount "33"]
[EventDate "2012.??.??"]
[EventType "tourn (corr)"]
[EventRounds "6"]
[SourceTitle "Corr 2022"]
[Source "ChessBase"]
[SourceDate "2021.10.24"]
[SourceVersion "1"]
[SourceVersionDate "2021.10.24"]
[SourceQuality "1"]

1. Nf3 d5 2. b3 Nf6 3. e3 e6 4. Bb2 Be7 5. Be2 0-0 6. 0-0 c5 7. c4 Nc6 8. cxd5 Qxd5 9. d4 cxd4 10. Nxd4 Bd7 11. Bf3 Qa5 12. Nxc6 Bxc6 13. Bxc6 Rfd8 14. Qf3 bxc6 15. Nc3 Rd2 16. Na4 Qd5 17. Rfd1 1/2-1/2

[Event "FICGS class C 000178 email"]
[Site "FICGS email"]
[Date "2012.08.29"]
[Round "1"]
[White "Ba, Attila"]
[Black "Hrubaru, Mircea"]
[Result "1-0"]
[WhiteElo "2000"]
[BlackElo "1832"]
[PlyCount "91"]
[EventDate "2012.??.??"]
[EventType "tourn (corr)"]
[EventRounds "1"]
[SourceTitle "Corr 2022"]
[Source "ChessBase"]
[SourceDate "2021.10.24"]
[SourceVersion "1"]
[SourceVersionDate "2021.10.24"]
[SourceQuality "1"]

1. Nf3 d5 2. b3 Bg4 3. Ne5 Bf5 4. g4 Be4 5. Rg1 Nd7 6. Bb2 Nxe5 7. Bxe5 Bg6 8. e3 e6 9. Nc3 a6 10. Ne2 Ne7 11. Nf4 Nc6 12. Bb2 Qd6 13. h3 e5 14. Nxg6 hxg6 15. Bg2 0-0-0 16. d3 d4 17. Qd2 Nb4 18. a3 Nd5 19. 0-0-0 Be7 20. exd4 exd4 21. Rde1 Nc3 22. Bxc3 dxc3 23. Qxc3 Qxa3+ 24. Qb2 Bg5+ 25. Kb1 Qf8 26. Rd1 Qd6 27. d4 Rhe8 28. Qc3 Kb8 29. Qf3 Qb6 30. Qxf7 Bf6 31. Rd3 Re7 32. Qc4 Rxd4 33. Rxd4 Bxd4 34. Rd1 Bxf2 35. Be4 Bh4 36. g5 c6 37. Qg8+ Ka7 38. Rd8 Qg1+ 39. Ka2 Kb6 40. Qc4 Qxg5 41. Qd4+ Qc5 42. Bxg6 Bf6 43. Qxc5+ Kxc5 44. Re8 Rd7 45. Bh5 a5 46. Bg4 1-0

[Event "FICGS class C 000178 email"]
[Site "FICGS email"]
[Date "2012.08.29"]
[Round "1"]
[White "Ba, Attila"]
[Black "Jabot, Daniel"]
[Result "1/2-1/2"]
[WhiteElo "2000"]
[BlackElo "1912"]
[PlyCount "100"]
[EventDate "2012.??.??"]
[EventType "tourn (corr)"]
[EventRounds "1"]
[SourceTitle "Corr 2022"]
[Source "ChessBase"]
[SourceDate "2021.10.24"]
[SourceVersion "1"]
[SourceVersionDate "2021.10.24"]
[SourceQuality "1"]

1. Nf3 d5 2. b3 Nc6 3. Bb2 Nf6 4. e3 Bg4 5. Be2 Bxf3 6. Bxf3 e5 7. d3 Be7 8. Nd2 0-0 9. 0-0 Re8 10. c4 d4 11. Ne4 dxe3 12. fxe3 Nd7 13. Qd2 f5 14. Nc3 Rf8 15. Rad1 Kh8 16. Nd5 a5 17. a3 Bg5 18. Qe2 Ne7 19. e4 Nxd5 20. cxd5 Qe7 21. Kh1 Qd6 22. Rde1 Rad8 23. Qc2 Qc5 24. Bc3 Qxa3 25. Ra1 Qd6 26. Bxa5 Rc8 27. Qc4 Be3 28. Bb4 Bc5 29. Bxc5 Qxc5 30. Rfc1 Qd6 31. b4 g6 32. Qb5 Rb8 33. Ra7 Nb6 34. Qc5 Rf7 35. Ra2 Qf6 36. Qf2 fxe4 37. dxe4 Nc8 38. Qe3 Nd6 39. Rac2 Qg7 40. Bg4 Rbf8 41. Be2 Rf4 42. Bf3 R8f7 43. Qe2 Qf6 44. h3 Qh4 45. Rxc7 Rxf3 46. gxf3 Qxh3+ 47. Qh2 Qxf3+ 48. Qg2 Qh5+ 49. Kg1 Rxc7 50. Rxc7 Qd1+ 1/2-1/2

[Event "FICGS class A 000125 email"]
[Site "FICGS email"]
[Date "2012.08.29"]
[Round "1"]
[White "Bonoldi, Fabio"]
[Black "Ba, Attila"]
[Result "1/2-1/2"]
[WhiteElo "2047"]
[BlackElo "2000"]
[PlyCount "47"]
[EventDate "2012.??.??"]
[EventType "tourn (corr)"]
[EventRounds "6"]
[SourceTitle "Corr 2022"]
[Source "ChessBase"]
[SourceDate "2021.10.24"]
[SourceVersion "1"]
[SourceVersionDate "2021.10.24"]
[SourceQuality "1"]

1. c4 e5 2. g3 Nf6 3. Bg2 Nc6 4. Nc3 Bb4 5. Nf3 0-0 6. 0-0 Re8 7. d3 h6 8. e4 d6 9. h3 Bc5 10. Kh2 Nd4 11. Nxd4 Bxd4 12. Ne2 Bc5 13. a3 a5 14. Rb1 Bd7 15. Qc2 Qe7 16. b4 axb4 17. axb4 Bb6 18. Bb2 Ra2 19. Nc3 Ra7 20. Ra1 Rea8 21. Rxa7 Rxa7 22. Nd5 Nxd5 23. exd5 Ra2 24. Ra1 1/2-1/2

[Event "FICGS class C 000178 email"]
[Site "FICGS email"]
[Date "2012.08.29"]
[Round "1"]
[White "Salonen, Jukka"]
[Black "Ba, Attila"]
[Result "1/2-1/2"]
[WhiteElo "1869"]
[BlackElo "2000"]
[PlyCount "37"]
[EventDate "2012.??.??"]
[EventType "tourn (corr)"]
[EventRounds "1"]
[SourceTitle "Corr 2022"]
[Source "ChessBase"]
[SourceDate "2021.10.24"]
[SourceVersion "1"]
[SourceVersionDate "2021.10.24"]
[SourceQuality "1"]

1. e4 e6 2. d4 d5 3. e5 c5 4. c3 Ne7 5. Nf3 Nbc6 6. Bd3 Bd7 7. 0-0 Ng6 8. Qe2 Be7 9. Rd1 0-0 10. dxc5 Bxc5 11. c4 Qc7 12. Bxg6 fxg6 13. Nc3 Rxf3 14. Qxf3 Rf8 15. Nxd5 Rxf3 16. Nxc7 Rxf2 17. Re1 Re2+ 18. Kf1 Rf2+ 19. Kg1 1/2-1/2

[Event "FICGS class A 000124 email"]
[Site "FICGS email"]
[Date "2012.08.13"]
[Round "1"]
[White "Panov, Dmitriy"]
[Black "Ba, Attila"]
[Result "0-1"]
[WhiteElo "2092"]
[BlackElo "2000"]
[PlyCount "48"]
[EventDate "2012.??.??"]
[EventType "tourn (corr)"]
[EventRounds "6"]
[SourceTitle "Corr 2022"]
[Source "ChessBase"]
[SourceDate "2021.10.24"]
[SourceVersion "1"]
[SourceVersionDate "2021.10.24"]
[SourceQuality "1"]

1. e4 c5 2. c3 Nf6 3. e5 Nd5 4. d4 d6 5. Nf3 cxd4 6. cxd4 e6 7. Bc4 Be7 8. 0-0 0-0 9. Qe2 Nc6 10. Nc3 dxe5 11. dxe5 Nxc3 12. bxc3 Qc7 13. Qe4 b6 14. Bg5 Bb7 15. Bd3 g6 16. Qh4 Bxg5 17. Nxg5 h5 18. Rae1 Rac8 19. Ne4 Rfd8 20. Nf6+ Kg7 21. Be4 Ba6 22. Nxh5+ Kf8 23. Nf4 Nxe5 24. Qh8+ Ke7 0-1

[Event "FICGS rapid A 000128 email"]
[Site "FICGS email"]
[Date "2012.08.10"]
[Round "1"]
[White "Rawford, Mike"]
[Black "Ba, Attila"]
[Result "1-0"]
[WhiteElo "2000"]
[BlackElo "2000"]
[PlyCount "71"]
[EventDate "2012.??.??"]
[EventType "tourn (rapid)"]
[EventRounds "6"]
[SourceTitle "Corr 2022"]
[Source "ChessBase"]
[SourceDate "2021.10.24"]
[SourceVersion "1"]
[SourceVersionDate "2021.10.24"]
[SourceQuality "1"]

1. e4 c5 2. Nf3 d6 3. d4 cxd4 4. Nxd4 Nf6 5. Nc3 a6 6. Be3 Qc7 7. Be2 e6 8. Qd2 Be7 9. 0-0-0 b5 10. a3 Nbd7 11. g4 Bb7 12. f3 Ne5 13. h4 0-0 14. h5 Nfd7 15. h6 g6 16. Bg5 Nb6 17. Bxe7 Qxe7 18. Nb3 Nec4 19. Qd4 e5 20. Qf2 Qc7 21. Bxc4 bxc4 22. Na5 Rab8 23. f4 Nd7 24. fxe5 f6 25. e6 Ne5 26. Nd5 Bxd5 27. exd5 Nxg4 28. Qd4 Ne5 29. Rhf1 Rbe8 30. Qc3 Qd8 31. Nc6 Nxc6 32. dxc6 d5 33. Rfe1 Re7 34. Qb4 Rfe8 35. Qc5 Qb8 36. Rxd5 1-0

[Event "FICGS class A 000123 email"]
[Site "FICGS email"]
[Date "2012.08.05"]
[Round "1"]
[White "Gibson, Tim"]
[Black "Ba, Attila"]
[Result "1/2-1/2"]
[WhiteElo "2000"]
[BlackElo "2000"]
[PlyCount "84"]
[EventDate "2012.??.??"]
[EventType "tourn (corr)"]
[EventRounds "6"]
[SourceTitle "Corr 2022"]
[Source "ChessBase"]
[SourceDate "2021.10.24"]
[SourceVersion "1"]
[SourceVersionDate "2021.10.24"]
[SourceQuality "1"]

1. Na3 e5 2. Nc4 Nc6 3. e4 Nf6 4. d3 d5 5. exd5 Qxd5 6. Be2 Be7 7. Nf3 0-0 8. a4 h6 9. c3 Be6 10. Qc2 a6 11. h3 b5 12. Ne3 Qd6 13. axb5 axb5 14. Rxa8 Rxa8 15. 0-0 Qc5 16. Nd2 Nd5 17. Ne4 Qa7 18. Ng3 Bc5 19. Nef5 b4 20. Bf3 bxc3 21. bxc3 Bf8 22. Ne3 Qa5 23. Bxd5 Bxd5 24. Bb2 Rb8 25. Ra1 Qb5 26. c4 Qxb2 27. Qxb2 Rxb2 28. Nxd5 Nb4 29. Nxb4 Bxb4 30. Ra7 Bc5 31. Ra8+ Kh7 32. Ne4 Bd4 33. g4 g6 34. Rc8 c5 35. Rc7 Kg8 36. Nf6+ Kf8 37. Rc8+ Ke7 38. Nd5+ Kd6 39. Rd8+ Kc6 40. Rc8+ Kd6 41. Rd8+ Kc6 42. Rc8+ Kd6 1/2-1/2

[Event "FICGS class A 000123 email"]
[Site "FICGS email"]
[Date "2012.08.05"]
[Round "1"]
[White "Soszynski, Marek J"]
[Black "Ba, Attila"]
[Result "1/2-1/2"]
[WhiteElo "2120"]
[BlackElo "2000"]
[PlyCount "45"]
[EventDate "2012.??.??"]
[EventType "tourn (corr)"]
[EventRounds "6"]
[SourceTitle "Corr 2022"]
[Source "ChessBase"]
[SourceDate "2021.10.24"]
[SourceVersion "1"]
[SourceVersionDate "2021.10.24"]
[SourceQuality "1"]

1. d4 Nf6 2. c4 e6 3. Nc3 Bb4 4. Qc2 0-0 5. a3 Bxc3+ 6. Qxc3 b6 7. Bg5 Bb7 8. e3 d6 9. Ne2 Nbd7 10. Qc2 Qe7 11. Nc3 c5 12. Rd1 cxd4 13. Rxd4 Rfd8 14. f3 d5 15. cxd5 exd5 16. Nxd5 Bxd5 17. Rxd5 h6 18. Bxf6 Qxe3+ 19. Qe2 Qxe2+ 20. Bxe2 Nxf6 21. Rd3 Rxd3 22. Bxd3 g6 23. Kf2 1/2-1/2